[Event "43rd Pan-American U20"]
[Site "Guayaquil ECU"]
[Date "2018.06.22"]
[Round "6.16"]
[White "Guaraca, Juan"]
[Black "Leon Sol, Galo Augusto"]
[Result "0-1"]
[WhiteElo "1298"]
[BlackElo "1450"]
[EventDate "2018.06.19"]
[PlyCount "114"]

1.e4 c5 2.Nf3 e6 3.d4 cxd4 4.Nxd4 a6 5.Nc3 b5 6.Bd3 Qc7 7.O-O b4 8.Nce2 
Bb7 9.c3 Nc6 10.f4 bxc3 11.bxc3 Bc5 12.Kh1 Nf6 13.Nb3 Ba7 14.Qc2 Rc8 15.
Qb1 h6 16.Bd2 O-O 17.Qe1 Ne7 18.Ned4 d5 19.e5 Ne4 20.Bxe4 dxe4 21.Rc1 Qd7 
22.Qe2 Rfd8 23.Na5 Ba8 24.Ndb3 Qd3 25.Qxd3 Rxd3 26.Rfe1 e3 27.Bxe3 Bxe3 
28.Rcd1 Rcd8 29.Rxd3 Rxd3 30.Nc4 Nf5 31.Nxe3 Nxe3 32.Nc5 Nxg2 33.Rb1 Ne3+ 
34.Kg1 Rd1+ 35.Rxd1 Nxd1 36.Nxa6 Nxc3 37.a3 Ne2+ 38.Kf2 Nxf4 39.Nc5 Ng6 
40.Nd3 Kf8 41.Ke3 Ke7 42.Kd4 f6 43.exf6+ gxf6 44.Nc5 e5+ 45.Kc4 Kd6 46.a4 
Bc6 47.a5 f5 48.a6 Kc7 49.Ne6+ Kb6 50.Nd8 Bb5+ 51.Kd5 Bxa6 52.Nf7 h5 53.
Nxe5 Nxe5 54.Kxe5 Bd3 55.Kf4 Kc5 56.Kg5 Kd4 57.Kxh5 Ke3 0-1

[Event "43rd Pan-American U20"]
[Site "Guayaquil ECU"]
[Date "2018.06.23"]
[Round "7.1"]
[White "Reinoso Salas, Daniel"]
[Black "Guo, Arthur"]
[Result "0-1"]
[WhiteElo "2067"]
[BlackElo "2165"]
[EventDate "2018.06.19"]
[PlyCount "120"]

1.d4 Nf6 2.c4 e6 3.Nc3 Bb4 4.e3 O-O 5.Ne2 Re8 6.a3 Bf8 7.Ng3 d5 8.Be2 b6 
9.cxd5 exd5 10.b4 c6 11.O-O Ba6 12.Bxa6 Nxa6 13.Qa4 Nb8 14.b5 Qd7 15.Bd2 
Rc8 16.Rac1 a6 17.bxc6 Nxc6 18.Nce2 b5 19.Qb3 Bd6 20.Rc2 Rc7 21.Rfc1 Rac8 
22.f3 h5 23.Qd3 g6 24.Be1 Qe7 25.Rc3 b4 26.axb4 Bxb4 27.Rb3 a5 28.Rbb1 
Bxe1 29.Rxe1 Nb4 30.Qa3 Qe8 31.Rec1 Nc2 32.Qd3 Qxe3+ 33.Qxe3 Nxe3 34.Rxc7 
Rxc7 35.Kf2 Nc4 36.Nc3 Kf8 37.Nge2 Ra7 38.Na4 Ke7 39.Nec3 Nd6 40.Nb6 Kf8 
41.Nca4 Nf5 42.Rd1 Rc7 43.Rd2 Rc1 44.g3 g5 45.h3 g4 46.hxg4 hxg4 47.Nc5 
gxf3 48.Ncd7+ Nxd7 49.Nxd7+ Ke7 50.Ne5 Ra1 51.Kxf3 Ra3+ 52.Kf4 Nxg3 53.Rb2
f6 54.Nc6+ Ke6 55.Nxa5 Rxa5 56.Kxg3 Kf5 57.Rf2+ Kg5 58.Rf3 f5 59.Rf1 Ra3+ 
60.Kf2 Rd3 0-1

[Event "43rd Pan-American U20"]
[Site "Guayaquil ECU"]
[Date "2018.06.23"]
[Round "7.2"]
[White "Noboa, Kevin"]
[Black "Vazquez Maccarini, Danitza"]
[Result "1/2-1/2"]
[WhiteElo "2267"]
[BlackElo "2242"]
[EventDate "2018.06.19"]
[PlyCount "82"]

1.e4 e5 2.Nf3 Nc6 3.d4 exd4 4.Nxd4 Bb4+ 5.c3 Bc5 6.Be3 Bb6 7.Nf5 Bxe3 8.
Nxe3 Nf6 9.f3 d6 10.Be2 O-O 11.O-O Re8 12.c4 Ne7 13.Nc3 Ng6 14.Qd2 Nh5 15.
Rfd1 Nhf4 16.Ncd5 c6 17.Nxf4 Nxf4 18.Bf1 Qb6 19.Qd4 Qa5 20.Qxd6 Qg5 21.Kh1
Be6 22.Qd2 Rad8 23.Qf2 Nh5 24.g3 Qh6 25.Kg1 Qf6 26.Rxd8 Rxd8 27.Rd1 b6 28.
e5 Qe7 29.Rxd8+ Qxd8 30.f4 g6 31.Qe2 Qd4 32.Qf2 Qd7 33.Nc2 c5 34.Ne3 Ng7 
35.Qf3 Nf5 36.Nxf5 Bxf5 37.b3 Qd4+ 38.Qf2 Qd1 39.h4 Bh3 40.Qe2 Qa1 41.Qd3 
Bxf1 1/2-1/2

[Event "43rd Pan-American U20"]
[Site "Guayaquil ECU"]
[Date "2018.06.23"]
[Round "7.3"]
[White "Cofre Archibold, Nestor"]
[Black "Lu, Maximillian"]
[Result "0-1"]
[WhiteElo "2364"]
[BlackElo "2204"]
[EventDate "2018.06.19"]
[PlyCount "90"]

1.e4 c5 2.Nf3 d6 3.d4 cxd4 4.Nxd4 Nf6 5.Nc3 a6 6.Be3 e5 7.Nb3 Be6 8.Qf3 
Nbd7 9.h3 h5 10.a4 Rc8 11.Bd3 Bg4 12.Qg3 h4 13.Qh2 Be6 14.O-O Be7 15.Rfd1 
g6 16.Kh1 Nh5 17.Qg1 f5 18.Bc1 Ndf6 19.Qe1 f4 20.Nd5 f3 21.gxf3 Bxh3 22.
Qg1 Kf7 23.c4 Nxd5 24.cxd5 g5 25.Be3 Qd7 26.Nd2 Rcg8 27.Nc4 Bd8 28.Ra3 Kf8
29.Rc1 Nf4 30.Bf1 g4 31.Bxf4 g3 32.Be3 Bxf1 33.Qxf1 g2+ 34.Qxg2 Rxg2 35.
Kxg2 Rg8+ 36.Kf1 h3 37.Ke2 h2 38.Raa1 Be7 39.Rh1 Qh3 40.Bb6 Kf7 41.b3 Ke8 
42.Rad1 Rf8 43.Be3 Qxf3+ 44.Kd3 Rg8 45.Nd2 Qxd1 0-1

[Event "43rd Pan-American U20"]
[Site "Guayaquil ECU"]
[Date "2018.06.23"]
[Round "7.4"]
[White "Esmeraldas Huachi, Anderson"]
[Black "Molina Mendoza, Omar"]
[Result "1-0"]
[WhiteElo "1865"]
[BlackElo "2214"]
[EventDate "2018.06.19"]
[PlyCount "108"]

1.d4 Nf6 2.c4 g6 3.Nc3 Bg7 4.e4 d6 5.Nf3 O-O 6.Be2 e5 7.O-O Nc6 8.d5 Ne7 
9.b4 Nd7 10.Qc2 a5 11.Ba3 axb4 12.Bxb4 h6 13.Nb5 b6 14.a4 Nc5 15.a5 f5 16.
axb6 Rxa1 17.Rxa1 cxb6 18.Nd2 g5 19.Bxc5 bxc5 20.Ra8 Qb6 21.Qa2 Ng6 22.Qa5
Qxa5 23.Rxa5 Rd8 24.Ra8 Nf4 25.Bf1 Bf6 26.Nxd6 Bd7 27.Rxd8+ Bxd8 28.g3 Nh5
29.Nxf5 Bxf5 30.exf5 Nf6 31.Nb3 Bb6 32.f3 Kf7 33.Kf2 Ke7 34.Ke3 Nxd5+ 35.
cxd5 c4+ 36.Ke4 cxb3 37.Kxe5 b2 38.d6+ Ke8 39.Bd3 Bg1 40.Ke6 Bxh2 41.f6 
Bg1 42.g4 Bd4 43.Bb1 Bc3 44.Ba2 Bb4 45.d7+ Kd8 46.f7 Bf8 47.Kf6 Kxd7 48.
Kg6 Ke7 49.Bb1 Ke6 50.Bc2 Ke7 51.Bf5 Kd6 52.Kh7 h5 53.gxh5 Ke5 54.Kg6 Kf4 
1-0

[Event "43rd Pan-American U20"]
[Site "Guayaquil ECU"]
[Date "2018.06.23"]
[Round "7.5"]
[White "Zambrano, Junior"]
[Black "Ghatti, Sanjay"]
[Result "0-1"]
[WhiteElo "2152"]
[BlackElo "2189"]
[EventDate "2018.06.19"]
[PlyCount "58"]

1.e4 c6 2.Nc3 d5 3.Nf3 Bg4 4.h3 Bh5 5.d4 e6 6.Bd3 dxe4 7.Nxe4 Nd7 8.O-O 
Ngf6 9.Ng3 Bg6 10.Bxg6 hxg6 11.Bg5 Qc7 12.Qe2 Bd6 13.Ne4 Nxe4 14.Qxe4 Nf6 
15.Qe2 O-O-O 16.c4 Bf4 17.Bxf4 Qxf4 18.Rfe1 Rh5 19.Rad1 Rdh8 20.Ne5 Rxh3 
21.gxh3 Rxh3 22.Qc2 Qg5+ 23.Kf1 Qh5 24.Qd3 Rxd3 25.Rxd3 Qh1+ 26.Ke2 Qe4+ 
27.Kf1 Qf4 28.Re2 Qc1+ 29.Kg2 Nh5 0-1

[Event "43rd Pan-American U20"]
[Site "Guayaquil ECU"]
[Date "2018.06.23"]
[Round "7.6"]
[White "Avila Pavas, Santiago"]
[Black "Araoz Andrade, Ivan Alexander"]
[Result "1-0"]
[WhiteElo "2278"]
[BlackElo "1868"]
[EventDate "2018.06.19"]
[PlyCount "71"]

1.Nf3 c5 2.b3 d6 3.d4 cxd4 4.Nxd4 Nf6 5.e3 a6 6.c4 e6 7.Be2 Be7 8.O-O O-O 
9.Nc3 d5 10.cxd5 exd5 11.Bb2 Nc6 12.Rc1 Be6 13.Nxc6 bxc6 14.Na4 Bd7 15.Qd4
Re8 16.Rfd1 Rb8 17.Bxa6 Rb4 18.Qc3 Rh4 19.Bf1 Bb4 20.Qc2 Ng4 21.Rd4 Nxh2 
22.Rxb4 Rxb4 23.Kxh2 Re6 24.Kg1 Rh6 25.Bxg7 Kxg7 26.Qc3+ Qf6 27.Qxb4 Rh4 
28.Qc3 d4 29.exd4 Qh6 30.f3 Rh1+ 31.Kf2 Qh4+ 32.Ke2 Qe7+ 33.Qe3 Qa3 34.Rc2
h6 35.Qe5+ f6 36.Qc5 1-0

[Event "43rd Pan-American U20"]
[Site "Guayaquil ECU"]
[Date "2018.06.23"]
[Round "7.7"]
[White "Aspiazu, Marlon"]
[Black "Delgado Romero, Marco"]
[Result "1/2-1/2"]
[WhiteElo "1977"]
[BlackElo "2209"]
[EventDate "2018.06.19"]
[PlyCount "120"]

1.c4 e5 2.Nc3 Nf6 3.g3 d5 4.cxd5 Nxd5 5.Bg2 Nb6 6.Nf3 Nc6 7.d3 Be7 8.a3 
Be6 9.Be3 O-O 10.O-O Nd5 11.Nxd5 Bxd5 12.b4 a5 13.b5 Nd4 14.Bxd4 exd4 15.
Qa4 Bc5 16.Rfc1 Bb6 17.Rab1 Re8 18.Rb2 Re7 19.Re1 h5 20.h4 Qd7 21.Ng5 Bxg2
22.Kxg2 Qd5+ 23.Kg1 Rae8 24.Nh3 Qf5 25.Kg2 Re5 26.Ng5 g6 27.Nf3 R5e7 28.
Rc2 Rd8 29.Qc4 Rd5 30.Rb1 Kg7 31.Ng5 Rc5 32.Qb3 Rce5 33.Rbb2 Qg4 34.f3 Qf5
35.Ne4 f6 36.a4 Qd7 37.Qa2 Qe8 38.Kf2 Rf7 39.Qb1 g5 40.Qh1 g4 41.Rd2 gxf3 
42.exf3 Rfe7 43.Qh3 f5 44.Ng5 Kg6 45.f4 Re3 46.Qg2 c6 47.bxc6 bxc6 48.Nf3 
Bc5 49.Ne5+ R7xe5 50.fxe5 Qxe5 51.Qxc6+ Bd6 52.Re2 Qxg3+ 53.Kf1 Kf6 54.Qg2
Qxh4 55.Rf2 Qg4 56.Qxg4 hxg4 57.Rb6 Re6 58.Rb5 Re5 59.Rb6 Rd5 60.Rfb2 Ke5 
1/2-1/2

[Event "43rd Pan-American U20"]
[Site "Guayaquil ECU"]
[Date "2018.06.23"]
[Round "7.8"]
[White "Rodriguez Horna, Lorenzo"]
[Black "Jaramillo Arce, David"]
[Result "1/2-1/2"]
[WhiteElo "1939"]
[BlackElo "2100"]
[EventDate "2018.06.19"]
[PlyCount "104"]

1.d4 Nf6 2.Bg5 Ne4 3.Bf4 c5 4.f3 Nf6 5.dxc5 Qa5+ 6.Qd2 Qxc5 7.Nc3 Nc6 8.e4
d6 9.Be3 Qa5 10.Bc4 Bd7 11.Nge2 g6 12.Nd5 Qxd2+ 13.Bxd2 Nxd5 14.Bxd5 Bg7 
15.O-O-O O-O 16.Kb1 a5 17.Bc3 Rab8 18.Bxg7 Kxg7 19.Bxc6 bxc6 20.e5 d5 21.
c4 Bf5+ 22.Ka1 dxc4 23.Nd4 Bd3 24.Nxc6 Rb6 25.Nd4 a4 26.a3 Rd8 27.Ne2 Rb5 
28.Nc3 Rxe5 29.Rhe1 Rxe1 30.Rxe1 Bc2 31.Re2 Bf5 32.g4 Be6 33.Kb1 Rd3 34.
Rf2 Bd7 35.f4 Bxg4 36.Nxa4 Kf6 37.Nc5 Re3 38.Kc2 Bc8 39.Kd2 Rh3 40.a4 Rh5 
41.Ne4+ Kg7 42.Kc3 Bd7 43.Kb4 Rf5 44.Nc5 Bc6 45.Kxc4 e5 46.b4 e4 47.Kd4 
Rd5+ 48.Ke3 Rh5 49.Nxe4 Bxa4 50.Kd4 Bc6 51.Nc3 Kf6 52.Rb2 Rh4 1/2-1/2

[Event "43rd Pan-American U20"]
[Site "Guayaquil ECU"]
[Date "2018.06.23"]
[Round "7.9"]
[White "Estrada Lavin, Cristian Alexand"]
[Black "Aguirre Burgos, Flavio Jose"]
[Result "1-0"]
[WhiteElo "2120"]
[BlackElo "1737"]
[EventDate "2018.06.19"]
[PlyCount "52"]

1.Nf3 Nf6 2.g3 g6 3.b3 Bg7 4.Bb2 a5 5.Bg2 O-O 6.O-O d6 7.d4 a4 8.c4 Nbd7 
9.Re1 e5 10.dxe5 Ng4 11.Nbd2 Ngxe5 12.Qc2 Qe7 13.Bc3 Re8 14.Rad1 axb3 15.
axb3 Nc5 16.b4 Na4 17.Ba1 c6 18.Nxe5 dxe5 19.c5 Bf5 20.Qb3 Rec8 21.Qe3 b6 
22.cxb6 Rab8 23.Nc4 Qxb4 24.Nd6 Rd8 25.Nxf5 Rxd1 26.Rxd1 gxf5 1-0

[Event "43rd Pan-American U20"]
[Site "Guayaquil ECU"]
[Date "2018.06.23"]
[Round "7.10"]
[White "Mendoza Criollo, Carlos David"]
[Black "Menes Aguirre, Ivan"]
[Result "1-0"]
[WhiteElo "1945"]
[BlackElo "1792"]
[EventDate "2018.06.19"]
[PlyCount "57"]

1.d4 Nf6 2.c4 e6 3.Nc3 Bb4 4.Qc2 c5 5.dxc5 O-O 6.a3 Bxc5 7.Nf3 b6 8.e3 Bb7
9.Be2 Nc6 10.O-O Rc8 11.Rd1 Qc7 12.b4 Be7 13.Bb2 Qb8 14.Rac1 a5 15.Na4 
axb4 16.Nxb6 Rcd8 17.Bxf6 gxf6 18.Nxd7 Rxd7 19.Rxd7 Bc8 20.Rxe7 Nxe7 21.
Rb1 Bd7 22.axb4 Rc8 23.b5 Qb6 24.Qd2 Qb7 25.Qb4 Be8 26.h3 e5 27.c5 Nd5 28.
Qg4+ Kh8 29.Bd3 1-0

[Event "43rd Pan-American U20"]
[Site "Guayaquil ECU"]
[Date "2018.06.23"]
[Round "8.1"]
[White "Vazquez Maccarini, Danitza"]
[Black "Guo, Arthur"]
[Result "1-0"]
[WhiteElo "2242"]
[BlackElo "2165"]
[EventDate "2018.06.19"]
[PlyCount "83"]

1.e4 c5 2.c3 d5 3.exd5 Qxd5 4.d4 Nf6 5.Nf3 Nc6 6.h3 e6 7.Bd3 Be7 8.O-O 
cxd4 9.cxd4 O-O 10.Nc3 Qd6 11.a3 Rd8 12.Nb5 Qd7 13.Be3 b6 14.Qc2 Bb7 15.
Rad1 Rac8 16.Nc3 g6 17.Qe2 Qc7 18.Rfe1 Qb8 19.Ne4 Nxe4 20.Bxe4 Bf6 21.b4 
Ne7 22.Bg5 Bxg5 23.Nxg5 Nd5 24.Qf3 Rd7 25.Bxd5 Bxd5 26.Ne4 Bxe4 27.Rxe4 
Rcd8 28.Qf6 Qd6 29.Rde1 Rc8 30.g3 Qf8 31.Qf4 Qd8 32.Qe3 Rd5 33.h4 h5 34.
Rd1 Kg7 35.Re5 Rc4 36.Rxd5 Qxd5 37.Rd3 Kh7 38.Qf4 Qb7 39.Rf3 Kg8 40.Qf6 
Qd7 41.Rf4 Qd5 42.Qxf7+ 1-0

[Event "43rd Pan-American U20"]
[Site "Guayaquil ECU"]
[Date "2018.06.23"]
[Round "8.2"]
[White "Ghatti, Sanjay"]
[Black "Lu, Maximillian"]
[Result "1-0"]
[WhiteElo "2189"]
[BlackElo "2204"]
[EventDate "2018.06.19"]
[PlyCount "129"]

1.e4 c5 2.Nf3 d6 3.d4 cxd4 4.Nxd4 Nf6 5.Nc3 a6 6.Be3 e5 7.Nf3 Qc7 8.a4 Be6
9.Be2 h6 10.a5 Nbd7 11.O-O Rc8 12.h3 Be7 13.Nd5 Bxd5 14.exd5 Nh7 15.Bd3 
O-O 16.Bf5 Nhf6 17.Nh2 h5 18.Bb6 Qc4 19.b3 Qc3 20.Be3 g6 21.Bd2 Qd4 22.
Bxd7 Nxd7 23.Bh6 Rfe8 24.c4 Qxd1 25.Rfxd1 f5 26.Be3 g5 27.f3 Bf6 28.Ra4 f4
29.Bf2 e4 30.fxe4 Rxe4 31.Nf3 g4 32.hxg4 hxg4 33.Nd2 Re2 34.Kf1 Rce8 35.c5
Bc3 36.Nb1 g3 37.Bxg3 fxg3 38.Nxc3 Rf2+ 39.Kg1 Nxc5 40.Rg4+ Kf7 41.b4 Nd7 
42.Ne4 Nf6 43.Nxd6+ Ke7 44.Rxg3 Kxd6 45.Kxf2 Ne4+ 46.Kf3 Nxg3 47.Kxg3 Re4 
48.Rb1 Kxd5 49.Kh3 Re7 50.g4 Rh7+ 51.Kg3 Ke5 52.Re1+ Kf6 53.Kf4 Rf7 54.g5+
Kg7+ 55.Kg4 Rc7 56.Re4 Rd7 57.Kf5 Rc7 58.Re6 Rd7 59.Ke5 Kg8 60.Rd6 Rc7 61.
Ke6 Rc4 62.Rd8+ Kg7 63.Rd7+ Kg6 64.Rxb7 Kxg5 65.Kd5 1-0

[Event "43rd Pan-American U20"]
[Site "Guayaquil ECU"]
[Date "2018.06.23"]
[Round "8.3"]
[White "Reinoso Salas, Daniel"]
[Black "Noboa, Kevin"]
[Result "0-1"]
[WhiteElo "2067"]
[BlackElo "2267"]
[EventDate "2018.06.19"]
[PlyCount "44"]

1.d4 e6 2.c4 Bb4+ 3.Bd2 Qe7 4.e4 Nc6 5.Nf3 a5 6.Nc3 d6 7.a3 Bxc3 8.Bxc3 
Nf6 9.Bd3 e5 10.d5 Nb8 11.O-O a4 12.Bc2 O-O 13.Re1 Bg4 14.h3 Bxf3 15.Qxf3 
Nbd7 16.Qf5 g6 17.Qg5 Nxd5 18.Qxe7 Nxe7 19.Rad1 Nc6 20.Rd5 Rfb8 21.Bb4 Nb6
22.Rb5 Nd4 0-1

[Event "43rd Pan-American U20"]
[Site "Guayaquil ECU"]
[Date "2018.06.23"]
[Round "8.4"]
[White "Cofre Archibold, Nestor"]
[Black "Esmeraldas Huachi, Anderson"]
[Result "1/2-1/2"]
[WhiteElo "2364"]
[BlackElo "1865"]
[EventDate "2018.06.19"]
[PlyCount "87"]

1.e4 c5 2.Nf3 d6 3.Bb5+ Bd7 4.Bxd7+ Nxd7 5.O-O Ngf6 6.Re1 e6 7.c3 Be7 8.d4
cxd4 9.cxd4 O-O 10.Nc3 Nb6 11.Qd3 a6 12.b3 Rc8 13.Bd2 h6 14.h3 Nfd7 15.a3 
e5 16.Be3 exd4 17.Bxd4 Bf6 18.Rad1 Qc7 19.Rc1 Qb8 20.Qe3 Bxd4 21.Nxd4 Nc5 
22.Nf5 Kh7 23.Rcd1 Rcd8 24.b4 Nca4 25.Qg3 g6 26.Nxa4 Nxa4 27.Nxd6 Nb6 28.
e5 Nc8 29.Ne4 Qc7 30.Rc1 Qe7 31.h4 Nb6 32.h5 Nd5 33.Rc5 Kg7 34.f4 b6 35.
Rc6 Qd7 36.Rc4 Qf5 37.hxg6 fxg6 38.Nd6 Qh5 39.Qd3 Nxf4 40.Rc7+ Kh8 41.Nf7+
Kg8 42.Qe4 Rd1 43.Nxh6+ Kh8 44.Nf7+ 1/2-1/2

[Event "43rd Pan-American U20"]
[Site "Guayaquil ECU"]
[Date "2018.06.23"]
[Round "8.5"]
[White "Avila Pavas, Santiago"]
[Black "Molina Mendoza, Omar"]
[Result "1-0"]
[WhiteElo "2278"]
[BlackElo "2214"]
[EventDate "2018.06.19"]
[PlyCount "101"]

1.Nf3 Nf6 2.d4 g6 3.Bg5 Bg7 4.Nbd2 O-O 5.c3 d6 6.e4 c5 7.dxc5 dxc5 8.Bc4 
Nc6 9.Qe2 Qc7 10.O-O h6 11.Bxf6 exf6 12.Bb3 b6 13.Rfe1 Rd8 14.Rad1 Bb7 15.
Bd5 Rd7 16.Nf1 Rad8 17.Ne3 h5 18.Bb3 Ne5 19.Nxe5 Qxe5 20.Rxd7 Rxd7 21.Bd5 
Bxd5 22.exd5 Bh6 23.c4 Re7 24.g3 Bxe3 25.Qxe3 Qxe3 26.Rxe3 Rxe3 27.fxe3 
Kf8 28.Kf2 Ke7 29.Kf3 Kd6 30.Kf4 b5 31.b3 b4 32.e4 Ke7 33.h3 Kd6 34.h4 a6 
35.g4 hxg4 36.Kxg4 Ke5 37.h5 gxh5+ 38.Kxh5 f5 39.exf5 Kxf5 40.Kh4 Ke5 41.
Kg4 f6 42.Kg3 Kf5 43.Kf3 Ke5 44.Kg4 f5+ 45.Kg3 f4+ 46.Kf3 Kd4 47.d6 Kc3 
48.d7 Kb2 49.d8=Q Kxa2 50.Qa5+ Kxb3 51.Qxa6 1-0

[Event "43rd Pan-American U20"]
[Site "Guayaquil ECU"]
[Date "2018.06.23"]
[Round "8.6"]
[White "Delgado Romero, Marco"]
[Black "Leon Sol, Galo Augusto"]
[Result "1-0"]
[WhiteElo "2209"]
[BlackElo "1450"]
[EventDate "2018.06.19"]
[PlyCount "87"]

1.Nf3 Nf6 2.c4 g6 3.Nc3 Bg7 4.e4 d6 5.d4 O-O 6.h3 e5 7.d5 Nbd7 8.Be3 a5 9.
g4 b6 10.Be2 Nc5 11.Nd2 Re8 12.h4 Bd7 13.g5 Nh5 14.Bxc5 bxc5 15.Bxh5 gxh5 
16.Qxh5 Rb8 17.Rb1 Qc8 18.Qe2 Bg4 19.f3 Bh5 20.Nf1 f6 21.Ng3 Bf7 22.Nf5 
fxg5 23.hxg5 Bg6 24.Nh4 Bh5 25.Qg2 Bg6 26.Nxg6 hxg6 27.Nb5 Qd7 28.Qh3 Qe7 
29.Ke2 Kf8 30.Rbg1 Kf7 31.b3 Rh8 32.Qg4 a4 33.bxa4 Rxh1 34.Rxh1 Kf8 35.Kd3
Ra8 36.Nc3 Kf7 37.Rb1 Rh8 38.Rb7 Rh5 39.Qe6+ Qxe6 40.dxe6+ Kxe6 41.Rxc7 
Bf8 42.a5 Rh2 43.a6 Bg7 44.a7 1-0

[Event "43rd Pan-American U20"]
[Site "Guayaquil ECU"]
[Date "2018.06.23"]
[Round "8.7"]
[White "Rodriguez Horna, Lorenzo"]
[Black "Zambrano, Junior"]
[Result "1/2-1/2"]
[WhiteElo "1939"]
[BlackElo "2152"]
[EventDate "2018.06.19"]
[PlyCount "96"]

1.b3 e5 2.Bb2 Nc6 3.e3 Nf6 4.Bb5 Bd6 5.Na3 e4 6.Nc4 Be7 7.Bxc6 bxc6 8.d3 
exd3 9.cxd3 Bb4+ 10.Nd2 d5 11.Nf3 a5 12.O-O O-O 13.Qc2 Ra6 14.a3 Bd6 15.e4
Bf4 16.Rfe1 Bg4 17.h3 Bh5 18.Qc3 Re8 19.e5 Nd7 20.e6 Nf6 21.exf7+ Bxf7 22.
Rxe8+ Bxe8 23.Re1 Bd6 24.Nd4 Qd7 25.Ne6 Ra8 26.Nf3 Bg6 27.Ne5 Qxe6 28.Nxg6
d4 29.Qc1 Qxb3 30.Ne7+ Bxe7 31.Rxe7 Qxd3 32.Qg5 Qg6 33.Qxg6 hxg6 34.Bxd4 
Rd8 35.Bxf6 gxf6 36.Rxc7 Rd1+ 37.Kh2 Rc1 38.f3 Rc3 39.Kg3 Rxa3 40.Rxc6 Kf7
41.Ra6 Ra2 42.Kf4 Ra4+ 43.Ke3 g5 44.g4 Ra3+ 45.Kf2 Kg6 46.Kg3 a4 47.h4 
gxh4+ 48.Kxh4 Rxf3 1/2-1/2

[Event "43rd Pan-American U20"]
[Site "Guayaquil ECU"]
[Date "2018.06.23"]
[Round "8.8"]
[White "Mendoza Criollo, Carlos David"]
[Black "Estrada Lavin, Cristian Alexand"]
[Result "0-1"]
[WhiteElo "1945"]
[BlackElo "2120"]
[EventDate "2018.06.19"]
[PlyCount "92"]

1.d4 d5 2.c4 c6 3.Nf3 Nf6 4.cxd5 cxd5 5.Nc3 Nc6 6.Bf4 Bf5 7.e3 a6 8.Qb3 
Na5 9.Qa4+ Bd7 10.Qd1 Rc8 11.Ne5 e6 12.Be2 Bb4 13.Rc1 Ne4 14.O-O Bxc3 15.
bxc3 Nxc3 16.Qd2 Nxe2+ 17.Qxe2 O-O 18.Qg4 f6 19.Bh6 Qe7 20.Bxg7 Qxg7 21.
Qxg7+ Kxg7 22.Nxd7 Rfe8 23.Nc5 Kf7 24.Rb1 Rc7 25.Rb6 Ree7 26.Rfb1 h6 27.g4
e5 28.Rd6 exd4 29.exd4 Nc6 30.Nxb7 Nxd4 31.Nd8+ Kg7 32.Rbb6 Re4 33.h3 Rf4 
34.Rxd5 Kg6 35.Rb2 Rc3 36.Kg2 Nf3 37.Rd1 Nh4+ 38.Kh2 Rff3 39.Ne6 Rxh3+ 40.
Kg1 Rc4 41.f4 Rg3+ 42.Kh2 Rxg4 43.Kh3 h5 44.Nf8+ Kg7 45.Ne6+ Kf7 46.Nd8+ 
Kg6 0-1

[Event "43rd Pan-American U20"]
[Site "Guayaquil ECU"]
[Date "2018.06.23"]
[Round "8.9"]
[White "Jaramillo Arce, David"]
[Black "Aspiazu, Marlon"]
[Result "1/2-1/2"]
[WhiteElo "2100"]
[BlackElo "1977"]
[EventDate "2018.06.19"]
[PlyCount "42"]

1.d4 Nf6 2.Nf3 e6 3.g3 d5 4.Bg2 Be7 5.O-O O-O 6.c4 dxc4 7.a4 Bd7 8.Na3 
Bxa3 9.Rxa3 Bc6 10.Qc2 Bd5 11.Re1 Be4 12.Qxc4 Nc6 13.b4 a5 14.bxa5 Nxa5 
15.Qb5 c6 16.Qg5 Nc4 17.Ra1 Ra5 18.Qh4 Rh5 19.Qf4 Rf5 20.Qh4 Rh5 21.Qf4 
Rf5 1/2-1/2

[Event "43rd Pan-American U20"]
[Site "Guayaquil ECU"]
[Date "2018.06.23"]
[Round "8.10"]
[White "Araoz Andrade, Ivan Alexander"]
[Black "Alomia Aldaz, Fernando"]
[Result "1-0"]
[WhiteElo "1868"]
[BlackElo "1748"]
[EventDate "2018.06.19"]
[PlyCount "67"]

1.e4 d5 2.exd5 Qxd5 3.Nf3 Bg4 4.Be2 Nc6 5.O-O O-O-O 6.h3 Bxf3 7.Bxf3 Qd7 
8.c3 e5 9.Re1 Nge7 10.b4 Ng6 11.Qa4 f5 12.Na3 e4 13.Rxe4 Nge5 14.Re3 f4 
15.Bxc6 Nxc6 16.Re4 f3 17.b5 Nb8 18.Qxa7 fxg2 19.Qe3 Bd6 20.Nc4 Qxb5 21.a4
Qh5 22.Nxd6+ Rxd6 23.d4 Rf6 24.Re5 Qf7 25.Re7 Qc4 26.Re8+ Kd7 27.Qe7+ Kc6 
28.Qe4+ Kd7 29.Re7+ Kd8 30.Bg5 Nd7 31.Re1 c6 32.Rxg7 Kc8 33.Bxf6 Rf8 34.
Rxd7 1-0

[Event "43rd Pan-American U20"]
[Site "Guayaquil ECU"]
[Date "2018.06.24"]
[Round "9.1"]
[White "Ghatti, Sanjay"]
[Black "Vazquez Maccarini, Danitza"]
[Result "1-0"]
[WhiteElo "2189"]
[BlackElo "2242"]
[EventDate "2018.06.19"]
[PlyCount "149"]

1.e4 e5 2.Nf3 Nc6 3.Bb5 a6 4.Ba4 Nf6 5.O-O b5 6.Bb3 Bc5 7.d3 O-O 8.Nc3 h6 
9.a4 Rb8 10.axb5 axb5 11.Nd5 d6 12.Be3 Bg4 13.c3 Nxd5 14.Bxd5 Ne7 15.Bb3 
Bb6 16.h3 Be6 17.Bxe6 fxe6 18.Qb3 Qd7 19.Ra6 c5 20.Rd1 Ng6 21.d4 exd4 22.
cxd4 c4 23.Qa3 Kh7 24.Qb4 Rfd8 25.d5 Bxe3 26.fxe3 e5 27.Rda1 Rb7 28.Rc6 
Ra7 29.Ra5 Rxa5 30.Qxa5 Rf8 31.Rc7 Qd8 32.Qa7 Qf6 33.Qb7 b4 34.Qxb4 Nh4 
35.Nxh4 Qxh4 36.Qd2 Qxe4 37.Qe2 Qxd5 38.Rxc4 e4 39.Qc2 Re8 40.Rd4 Qe5 41.
Qc6 Qg3 42.Rxe4 Rf8 43.Qc2 Kh8 44.Qd2 Ra8 45.Rf4 Ra1+ 46.Rf1 Ra8 47.Qd4 
Re8 48.Rf3 Qe5 49.Qxe5 Rxe5 50.b4 Re4 51.b5 Rb4 52.Rf5 Rb2 53.Kf1 Kg8 54.
h4 g6 55.Rd5 Kf7 56.h5 gxh5 57.Rxh5 Kg6 58.Rd5 Kg7 59.Kg1 Kh7 60.Kh2 Rb3 
61.Kg3 Rxe3+ 62.Kf4 Rb3 63.Kf5 Rg3 64.Ke6 Rxg2 65.Kxd6 Kg6 66.b6 Rb2 67.
Kc6 h5 68.b7 h4 69.Rb5 Rc2+ 70.Kb6 h3 71.b8=Q h2 72.Qg3+ Kh6 73.Qg5+ Kh7 
74.Qh5+ Kg7 75.Rg5+ 1-0

[Event "43rd Pan-American U20"]
[Site "Guayaquil ECU"]
[Date "2018.06.24"]
[Round "9.2"]
[White "Guo, Arthur"]
[Black "Noboa, Kevin"]
[Result "1-0"]
[WhiteElo "2165"]
[BlackElo "2267"]
[EventDate "2018.06.19"]
[PlyCount "127"]

1.d4 e6 2.c4 Bb4+ 3.Bd2 Qe7 4.g3 Nc6 5.Nf3 Nf6 6.Nc3 Bxc3 7.Bxc3 Ne4 8.Rc1
O-O 9.Bg2 d6 10.d5 Nxc3 11.Rxc3 Nb8 12.O-O e5 13.Nd2 a5 14.c5 Na6 15.cxd6 
cxd6 16.Nc4 Qd8 17.Qb3 Nc5 18.Qb6 Na4 19.Qxd6 Nxc3 20.bxc3 Qxd6 21.Nxd6 
Rd8 22.Nc4 Bg4 23.f3 Bh5 24.Nb6 Ra6 25.Rb1 f5 26.c4 f4 27.Bh3 Be8 28.Bf5 
a4 29.Be4 Ra5 30.Kf2 Kf8 31.Rc1 Rc5 32.Ke1 Rd6 33.Rb1 Rh6 34.Kd2 Ke7 35.
gxf4 exf4 36.Kd3 Rxh2 37.Kd4 Ra5 38.c5 Rxe2 39.Nc8+ Kf6 40.Nd6 Bg6 41.Nxb7
Ra8 42.Bxg6 hxg6 43.c6 Rxa2 44.c7 Rd2+ 45.Kc5 Rc2+ 46.Kb6 a3 47.Ra1 Rb2+ 
48.Kc6 Ra6+ 49.Kc5 Ra7 50.c8=Q Rc2+ 51.Kb6 Rxc8 52.Kxa7 Rc3 53.Kb6 Ke5 54.
d6 Rb3+ 55.Kc6 Rxb7 56.Kxb7 Kxd6 57.Rxa3 Kd5 58.Kc7 g5 59.Kd7 g4 60.fxg4 
Ke4 61.Ke6 f3 62.g5 f2 63.Ra1 Kf4 64.g6 1-0

[Event "43rd Pan-American U20"]
[Site "Guayaquil ECU"]
[Date "2018.06.24"]
[Round "9.3"]
[White "Lu, Maximillian"]
[Black "Avila Pavas, Santiago"]
[Result "0-1"]
[WhiteElo "2204"]
[BlackElo "2278"]
[EventDate "2018.06.19"]
[PlyCount "70"]

1.Nf3 Nf6 2.g3 g6 3.Bg2 Bg7 4.O-O O-O 5.d4 d6 6.c4 Nc6 7.Nc3 Bf5 8.Bf4 Ne4
9.Nxe4 Bxe4 10.Be3 e5 11.d5 Ne7 12.Qc1 c6 13.dxc6 bxc6 14.Rd1 Nf5 15.Bd2 
d5 16.Bc3 Qe7 17.cxd5 cxd5 18.Qd2 Rfd8 19.Bb4 Qb7 20.Nh4 Nd4 21.f3 Bc2 22.
Rdc1 Ba4 23.Ba5 Rdc8 24.e3 Ne6 25.b3 Bd7 26.Rd1 Nc5 27.Bf1 g5 28.Ng2 e4 
29.Rac1 exf3 30.Qxd5 fxg2 31.Bxg2 Bc6 32.Qxc5 Bxg2 33.Qxg5 Rxc1 34.Rxc1 
Bh3 35.Rc2 Qf3 0-1

[Event "43rd Pan-American U20"]
[Site "Guayaquil ECU"]
[Date "2018.06.24"]
[Round "9.4"]
[White "Esmeraldas Huachi, Anderson"]
[Black "Delgado Romero, Marco"]
[Result "0-1"]
[WhiteElo "1865"]
[BlackElo "2209"]
[EventDate "2018.06.19"]
[PlyCount "44"]

1.d4 Nf6 2.c4 c5 3.d5 b5 4.cxb5 a6 5.bxa6 g6 6.Nc3 Bg7 7.g3 d6 8.Bg2 O-O 
9.Rb1 Nxa6 10.e4 c4 11.b4 cxb3 12.axb3 Qa5 13.Bd2 Nb4 14.Nge2 Nd3+ 15.Kf1 
Ng4 16.Qc2 Qb6 17.Be3 Qxe3 18.Nd1 Ndxf2 19.Nxe3 Nxe3+ 20.Kxf2 Nxc2 21.Rbc1
Ra2 22.b4 Nd4 0-1

[Event "43rd Pan-American U20"]
[Site "Guayaquil ECU"]
[Date "2018.06.24"]
[Round "9.5"]
[White "Estrada Lavin, Cristian Alexand"]
[Black "Cofre Archibold, Nestor"]
[Result "1/2-1/2"]
[WhiteElo "2120"]
[BlackElo "2364"]
[EventDate "2018.06.19"]
[PlyCount "51"]

1.d4 Nf6 2.c4 d6 3.Nc3 e5 4.dxe5 dxe5 5.Qxd8+ Kxd8 6.Bg5 Bb4 7.O-O-O+ Nd7 
8.Nd5 Be7 9.Nxf6 Bxf6 10.Bxf6+ gxf6 11.g3 Ke7 12.Bg2 c6 13.Nf3 Nc5 14.Nd2 
a5 15.Ne4 Nxe4 16.Bxe4 Be6 17.b3 h5 18.Kb2 h4 19.Bd3 Rh6 20.e4 Bg4 21.Rc1 
Rd8 22.Kc3 Rd4 23.Rhe1 hxg3 24.hxg3 Rh2 25.Rc2 c5 26.a4 1/2-1/2